000 00758nam a2200253Ia 4500
003 OSt
005 20220916110913.0
006 a|||||r|||| 00| 0
007 ta
008 220915b |||||||| |||| 00| 0 hin d
024 _a173346
037 _cTextbook
040 _bhin
_aARTS
_cARTS
041 _ahin
082 _aO152,1M91x, G8
100 _aसिंह, गोपाल शरण
245 0 _aमानवी
246 _aMānavī
260 _aप्रयाग
_bइंडियन प्रेस भारत
_c1938
300 _a109पृ0
_ccm.
650 _aहिन्दी साहित्य
942 _hO152,1M91x, G8
_cTB
_2CC
999 _c100920
_d100920